000 00654nam a2200193Ii 4500
003 JO-AjNU
008 230605s9999||||xx |||||||||||||| ||und||
040 _aJO-AjNU
_bara
_erda
_cJO-AjNU
041 _aara
050 1 4 _aPJ7858 2003
100 3 _aتأليف قليمة،بيار يوسف,
_eauthor
_919886
245 0 0 _aكعب بن زهير: شاعر البردة
264 3 1 _aبيروت:دار الفكر اللبناني،2003
300 _a91ص
336 _atext
_btxt
_2rdacontent
337 _aunmediated
_bn
_2rdamedia
338 _avolume
_bnc
_2rdacarrier
650 4 _aالشعر العربي - الشعراء العرب - تراجم
_919887
999 _aA6641
_c10209
_d10209